ბათუმის შოთა რუსთაველის სახელმწიფო უნივერსიტეტის ბიბლიოთეკა

Academic writing and plagiarism : (ბიბ.ჩანაწერი № 58232)

000 -LEADER
fixed length control field 00771cam a22002294a 4500
001 - CONTROL NUMBER
control field 15579999
005 - DATE AND TIME OF LATEST TRANSACTION
control field 20211005112032.0
008 - FIXED-LENGTH DATA ELEMENTS--GENERAL INFORMATION
fixed length control field 090108s2015 enk b 001 0 eng d
020 ## - INTERNATIONAL STANDARD BOOK NUMBER
International Standard Book Number 9781472589101
041 ## - LANGUAGE CODE
Language code of text/sound track or separate title eng
080 ## - UNIVERSAL DECIMAL CLASSIFICATION NUMBER
Universal Decimal Classification number 37.016;808.1+003.074 P3-6
100 1# - MAIN ENTRY--PERSONAL NAME
Personal name Pecorari, Diane.
9 (RLIN) 12555
245 10 - TITLE STATEMENT
Title Academic writing and plagiarism :
Remainder of title a linguistic analysis /
Statement of responsibility, etc. Diane Pecorari.
264 ## - PRODUCTION, PUBLICATION, DISTRIBUTION, MANUFACTURE, AND COPYRIGHT NOTICE
Place of production, publication, distribution, manufacture London :
Name of producer, publisher, distributor, manufacturer Bloomsbury,
Date of production, publication, distribution, manufacture, or copyright notice 2008.
300 ## - PHYSICAL DESCRIPTION
Extent 214 p. ;
Dimensions 22 cm.
440 ## - SERIES STATEMENT/ADDED ENTRY--TITLE
Title Bloomsbury Classics in Lingiustics
9 (RLIN) 12556
504 ## - BIBLIOGRAPHY, ETC. NOTE
Bibliography, etc. note bibliogr. p. 191-207
653 ## - INDEX TERM--UNCONTROLLED
keyword პლაგიარიზმი
653 ## - INDEX TERM--UNCONTROLLED
keyword ანგარიშის წერა
653 ## - INDEX TERM--UNCONTROLLED
keyword ბიბლიოგრაფიული ციტატები
942 ## - ADDED ENTRY ELEMENTS (KOHA)
Source of classification or shelving scheme
Koha item type წიგნი
ეგზემპლარები
Withdrawn status Lost status Source of classification or shelving scheme Damaged status Not for loan Permanent Location Current Location Shelving location Date acquired Cost, normal purchase price Full call number Barcode Date last seen Copy number Price effective from Koha item type Public note
          ბათუმის შოთა რუსთაველის სახელმწიფო უნივერსიტეტის მთავარი ბიბლიოთეკა ბათუმის შოთა რუსთაველის სახელმწიფო უნივერსიტეტის მთავარი ბიბლიოთეკა წიგნსაცავი 2021-09-27 85.50 37.016;808.1+003.074 P3-6 61728 2021-09-27 61728 2021-09-27 წიგნი 85 ლ. 50 თ.
          ბათუმის შოთა რუსთაველის სახელმწიფო უნივერსიტეტის მთავარი ბიბლიოთეკა ბათუმის შოთა რუსთაველის სახელმწიფო უნივერსიტეტის მთავარი ბიბლიოთეკა წიგნსაცავი 2021-09-27 85.50 37.016;808.1+003.074 P3-6 61729 2021-09-27 61729 2021-09-27 წიგნი 85 ლ. 50 თ.